000 00575nam a2200265Ia 4500
008 210210b1911 xxu||||| |||| 00| 0 eng d
041 _aeng
082 _a160/11
100 _aBERNARD (Bosanquet)
245 _aLogic Ed 2 Vol 1
_bMorphology of knowledge
250 _a
260 _aLondon
_bOxford University Press
_c1911
300 _axxiv,384
440 _a1
650 _aVol
650 _aof
650 _aMorphology
650 _aLogic
650 _aknowledge
650 _aEd
650 _a2
650 _a1
690 _aLogic
906 _a001120
999 _c115996
_d115996